[Event "Turkish Bank Chess League"]
[Site "Konya TUR"]
[Date "2012.07.16"]
[EventDate "2012.07.11"]
[Round "7"]
[Result "1/2-1/2"]
[White "Sopiko Guramishvili"]
[Black "Hakan Erdogan"]
[WhiteElo "2400"]
[BlackElo "2260"]
[PlyCount "72"]

1. c4 Nf6 2. Nf3 e6 3. g3 c5 4. Bg2 d5 5. cxd5 Nxd5 6. O-O Nc6
7. Nc3 Qb6 8. b3 Nxc3 9. dxc3 Be7 10. Bf4 O-O 11. e4 f6 12. e5
f5 13. h4 Qc7 14. Qe2 Rb8 15. Rfd1 b5 16. Rd2 b4 17. c4 Bd7
18. Rad1 Rbd8 19. Bg5 Bxg5 20. hxg5 Be8 21. Rd6 Bh5 22. Qe3
Nd4 23. Nxd4 Rxd6 24. exd6 Qxd6 25. Rd2 cxd4 26. Rxd4 Qe7
27. Qd2 Qc5 28. Rd6 Bf7 29. Rc6 Qe5 30. Qxb4 f4 31. Qc5 Qe1+
32. Kh2 fxg3+ 33. fxg3 Qe2 34. Qd4 Qxa2 35. Rc7 Qxb3 36. Qxa7
Qd1 1/2-1/2

[Event "Turkish Bank Chess League"]
[Site "Konya TUR"]
[Date "2012.07.18"]
[EventDate "2012.07.11"]
[Round "9"]
[Result "1/2-1/2"]
[White "Sopiko Guramishvili"]
[Black "Bela Khotenashvili"]
[WhiteElo "2400"]
[BlackElo "2505"]
[PlyCount "21"]

1. c4 e5 2. Nc3 Nc6 3. g3 g6 4. Bg2 Bg7 5. Rb1 Nge7 6. b4 d6
7. b5 Nd4 8. e3 Ne6 9. Nge2 Nf5 10. Bb2 h5 11. h4 1/2-1/2

[Event "16th HZ Open"]
[Site "Vlissingen NED"]
[Date "2012.08.05"]
[EventDate "2012.08.04"]
[Round "3"]
[Result "1-0"]
[White "Milan Mostertman"]
[Black "Sopiko Guramishvili"]
[WhiteElo "2247"]
[BlackElo "2418"]
[PlyCount "87"]

1. e4 c5 2. Nf3 d6 3. d4 Nf6 4. Nc3 cxd4 5. Nxd4 a6 6. Be2 e5
7. Nb3 Be7 8. O-O O-O 9. Be3 Be6 10. Qd2 Nbd7 11. a4 Rc8
12. a5 Qc7 13. Rfd1 Rfd8 14. Nc1 Nc5 15. Bf3 b5 16. Nd3 Qb7
17. Qe1 b4 18. Na4 Ncxe4 19. Qxb4 Qxb4 20. Nxb4 d5 21. Nxa6 d4
22. Bd2 Nxd2 23. Rxd2 Bc4 24. Bb7 Bxa6 25. Bxa6 Ra8 26. Bc4
Rxa5 27. b3 Rda8 28. Rad1 Ne4 29. Re2 Nd6 30. Bd3 f5 31. Nb6
Ra1 32. Rde1 R8a7 33. Rxe5 Ne4 34. Bc4+ Kf8 35. Rxf5+ Bf6
36. Kf1 Nd2+ 37. Ke2 Re7+ 38. Kxd2 Rexe1 39. Be2 Kf7 40. Nd5
Kg6 41. g4 Bg5+ 42. Kd3 Ra8 43. h4 Bc1 44. Ne7+ 1-0

[Event "Tata Steel (Challengers)"]
[Site "Wijk aan Zee NED"]
[Date "2017.01.16"]
[EventDate "2017.01.13"]
[Round "3"]
[Result "0-1"]
[White "Sopiko Guramishvili"]
[Black "Nils Grandelius"]
[WhiteElo "2370"]
[BlackElo "2642"]
[PlyCount "68"]

1. e4 c5 2. Nf3 e6 3. d4 cxd4 4. Nxd4 a6 5. Bd3 Ne7 6. c4 Nbc6
7. Be3 Nxd4 8. Bxd4 Nc6 9. Be3 b6 10. O-O Bc5 11. Bxc5 bxc5
12. e5 Nxe5 13. Be4 Ra7 14. Qe2 Ng6 15. Nc3 Qe7 16. Rfe1 O-O
17. Bxg6 hxg6 18. Rad1 d6 19. Ne4 Rd7 20. Qe3 Bb7 21. Ng5 e5
22. f4 f6 23. Nf3 Qf7 24. fxe5 dxe5 25. Rxd7 Qxd7 26. Qxc5 Rc8
27. Qb4 Bxf3 28. gxf3 Qd4+ 29. Kg2 Rxc4 30. Qb8+ Kh7 31. Re2
Qd3 32. Rf2 Qe3 33. f4 Rxf4 34. Rxf4 exf4 0-1

[Event "Tata Steel (Challengers)"]
[Site "Wijk aan Zee NED"]
[Date "2017.01.17"]
[EventDate "2017.01.13"]
[Round "4"]
[Result "0-1"]
[White "Sopiko Guramishvili"]
[Black "Ilya Smirin"]
[WhiteElo "2370"]
[BlackElo "2667"]
[PlyCount "92"]

1. c4 g6 2. g3 Bg7 3. Bg2 e5 4. Nc3 Nc6 5. Rb1 f5 6. b4 Nf6
7. d3 O-O 8. b5 Ne7 9. Qb3 Kh8 10. Nf3 d6 11. O-O h6 12. Nd2
f4 13. a4 Nf5 14. c5 Nd4 15. Qa2 dxc5 16. Ba3 Be6 17. Nc4 b6
18. e3 f3 19. exd4 fxg2 20. Rfe1 Qxd4 21. Qe2 e4 22. Bb2 exd3
23. Qxe6 Rae8 24. Na2 Rxe6 25. Bxd4 Rxe1+ 26. Rxe1 cxd4
27. Nb4 Nd7 28. Nxd3 Nc5 29. Nxc5 bxc5 30. Re7 d3 31. Rxc7 Rd8
32. Rxa7 d2 33. Nxd2 Rxd2 34. b6 Rb2 35. a5 Bd4 36. Kxg2 c4
37. Rc7 c3 38. b7 Ba7 39. a6 Rxf2+ 40. Kh3 c2 41. Kg4 Rxh2
42. Kf3 Rf2+ 43. Ke4 h5 44. Kd5 g5 45. Rc4 h4 46. gxh4 g4 0-1

[Event "Tata Steel (Challengers)"]
[Site "Wijk aan Zee NED"]
[Date "2017.01.19"]
[EventDate "2017.01.13"]
[Round "5"]
[Result "1-0"]
[White "Aryan Tari"]
[Black "Sopiko Guramishvili"]
[WhiteElo "2584"]
[BlackElo "2370"]
[PlyCount "129"]

1. e4 c5 2. Nf3 d6 3. Bb5+ Nd7 4. O-O a6 5. Bd3 Ngf6 6. a4 Ne5
7. Nxe5 dxe5 8. Na3 Be6 9. Bc4 Bxc4 10. Nxc4 Nxe4 11. Qf3 Nd6
12. Nxd6+ Qxd6 13. Qxb7 Rb8 14. Qe4 g6 15. b3 Bg7 16. Bb2 O-O
17. Bc3 f5 18. Qc4+ Kh8 19. d3 Rf6 20. Rae1 Re6 21. Re2 g5
22. Bd2 f4 23. Re4 g4 24. f3 gxf3 25. Rxf3 Rg6 26. Bc3 Rg5
27. Re2 Rg8 28. Qe4 Qh6 29. Kf1 Rh5 30. h3 Rg5 31. Ke1 Bf6
32. Kd1 Rxg2 33. Rxg2 Rxg2 34. Bxe5 Qg5 35. Bxf4 Rg1+ 36. Ke2
Rg2+ 37. Rf2 Rxf2+ 38. Kxf2 Qh4+ 39. Kg2 Qh5 40. Qa8+ Kg7
41. Qf3 Qe8 42. Be3 Kh8 43. Bxc5 Qc8 44. Qd5 Qf8 45. Be3 Qg7+
46. Kf1 Qf8 47. Qf5 Qa8 48. Ke2 Qc6 49. d4 a5 50. d5 Qd6
51. c4 Qb8 52. Qd3 Qh2+ 53. Bf2 Qe5+ 54. Kf1 h5 55. c5 h4
56. c6 Qa1+ 57. Kg2 Qc1 58. Qc4 Qg5+ 59. Kf1 Qf5 60. c7 Qxh3+
61. Ke2 Qc8 62. Bxh4 Be5 63. Bxe7 Bxc7 64. d6 Qh3 65. Bf6+ 1-0

[Event "Tata Steel (Challengers)"]
[Site "Wijk aan Zee NED"]
[Date "2017.01.20"]
[EventDate "2017.01.13"]
[Round "6"]
[Result "0-1"]
[White "Sopiko Guramishvili"]
[Black "Benjamin Bok"]
[WhiteElo "2370"]
[BlackElo "2608"]
[PlyCount "44"]

1. e4 e6 2. d4 d5 3. Nd2 Be7 4. c3 c5 5. Ngf3 cxd4 6. Nxd4 Nc6
7. Bb5 Bd7 8. N4f3 Nf6 9. exd5 Nxd5 10. O-O O-O 11. Re1 Qc7
12. Bf1 Rad8 13. c4 Nf6 14. b3 e5 15. Qc2 Ng4 16. g3 f5 17. h3
Nf6 18. Bb2 e4 19. Nd4 Bc5 20. Ne2 Nb4 21. Qb1 Nd3 22. Bd4 Qb6
0-1

[Event "Tata Steel (Challengers)"]
[Site "Wijk aan Zee NED"]
[Date "2017.01.21"]
[EventDate "2017.01.13"]
[Round "7"]
[Result "1-0"]
[White "Markus Ragger"]
[Black "Sopiko Guramishvili"]
[WhiteElo "2697"]
[BlackElo "2370"]
[PlyCount "63"]

1. e4 c5 2. Nf3 d6 3. c3 Nf6 4. Be2 g6 5. O-O Bg7 6. Bb5+ Bd7
7. Bxd7+ Nbxd7 8. Re1 O-O 9. d4 Ne8 10. Be3 b5 11. a4 b4
12. cxb4 cxb4 13. Nbd2 Nc7 14. Rc1 d5 15. e5 a5 16. Qc2 Ra7
17. Qc6 Re8 18. Nb3 h6 19. Nxa5 Rxa5 20. Qxc7 Rxa4 21. Qc6 Ra2
22. e6 fxe6 23. Qxe6+ Kh7 24. Bf4 Nf6 25. Ne5 Rf8 26. b3 Rb2
27. h4 Qd6 28. Nxg6 Qxe6 29. Nxf8+ Bxf8 30. Rxe6 Rxb3 31. Rc8
Ng4 32. f3 1-0

[Event "Tata Steel (Challengers)"]
[Site "Wijk aan Zee NED"]
[Date "2017.01.24"]
[EventDate "2017.01.13"]
[Round "9"]
[Result "1-0"]
[White "Erwin L'Ami"]
[Black "Sopiko Guramishvili"]
[WhiteElo "2605"]
[BlackElo "2370"]
[PlyCount "77"]

1. d4 Nf6 2. Nf3 g6 3. g3 Bg7 4. Bg2 O-O 5. O-O d6 6. a4 Bf5
7. a5 a6 8. c4 Nc6 9. d5 Bxb1 10. dxc6 Be4 11. Nd4 Bxg2
12. Kxg2 bxc6 13. Nxc6 Qd7 14. Qa4 Qe6 15. Ra3 Rfe8 16. Re3
Qd7 17. b4 Ng4 18. Ra3 Ne5 19. Nxe5 Qxa4 20. Rxa4 Bxe5 21. Be3
Reb8 22. Rb1 c6 23. f4 Bf6 24. Bb6 d5 25. Kf3 e6 26. e4 Bd8
27. Bc5 dxe4+ 28. Kxe4 Bc7 29. Rd1 Rd8 30. Rxd8+ Rxd8 31. Bb6
Rd7 32. Bxc7 Rxc7 33. Kd4 c5+ 34. bxc5 f6 35. Rb4 e5+ 36. fxe5
fxe5+ 37. Kd5 e4 38. c6 e3 39. Kd6 1-0

[Event "Tata Steel (Challengers)"]
[Site "Wijk aan Zee NED"]
[Date "2017.01.25"]
[EventDate "2017.01.13"]
[Round "10"]
[Result "0-1"]
[White "Sopiko Guramishvili"]
[Black "Jeffery Xiong"]
[WhiteElo "2370"]
[BlackElo "2667"]
[PlyCount "80"]

1. e4 c5 2. Nf3 d6 3. d4 Nf6 4. Nc3 cxd4 5. Nxd4 a6 6. Be3 e6
7. g4 h6 8. h4 g6 9. g5 hxg5 10. Bxg5 Be7 11. Qf3 e5 12. Nde2
Bg4 13. Qg2 Nbd7 14. O-O-O Rc8 15. f4 Qa5 16. Kb1 Qc5 17. Rd2
Qa5 18. Nc1 Rxc3 19. bxc3 Qxc3 20. Bxf6 Nxf6 21. Rd3 Qc6
22. fxe5 dxe5 23. Qg3 O-O 24. Qxe5 Rc8 25. Rh2 Be6 26. Bh3
Nxe4 27. Bxe6 Bf6 28. Qxf6 Nxf6 29. Bxc8 Qxc8 30. Rd4 Qc6
31. Nb3 a5 32. Rhd2 a4 33. Rd6 Qc3 34. R2d3 Qe5 35. Nc1 Ne4
36. Rd8+ Kg7 37. Ne2 Qb5+ 38. Kc1 a3 39. Re3 Qb2+ 40. Kd1 Qf6
0-1

[Event "Tata Steel (Challengers)"]
[Site "Wijk aan Zee NED"]
[Date "2017.01.27"]
[EventDate "2017.01.13"]
[Round "11"]
[Result "1-0"]
[White "Tingjie Lei"]
[Black "Sopiko Guramishvili"]
[WhiteElo "2467"]
[BlackElo "2370"]
[PlyCount "69"]

1. c4 Nf6 2. Nc3 g6 3. e4 d6 4. d4 Bg7 5. Be2 O-O 6. Be3 e5
7. d5 Na6 8. g4 Nc5 9. Bf3 a5 10. h4 Bd7 11. h5 c6 12. g5 Ne8
13. Nge2 Rc8 14. Qd2 cxd5 15. Nxd5 b5 16. cxb5 Bxb5 17. Nec3
Bc4 18. hxg6 Nd3+ 19. Kd1 Rb8 20. b3 fxg6 21. bxc4 Nb2+
22. Ke2 Nxc4 23. Qd3 Nb2 24. Qa6 Nc7 25. Qxa5 Ne6 26. Qxd8
Rfxd8 27. Ne7+ Kf7 28. Nc6 Nd4+ 29. Bxd4 exd4 30. Nxd8+ Rxd8
31. Nd5 d3+ 32. Kd2 Nc4+ 33. Kxd3 Ne5+ 34. Ke2 Nxf3 35. Kxf3
1-0

[Event "Tata Steel (Challengers)"]
[Site "Wijk aan Zee NED"]
[Date "2017.01.29"]
[EventDate "2017.01.13"]
[Round "13"]
[Result "1-0"]
[White "Vladimir Dobrov"]
[Black "Sopiko Guramishvili"]
[WhiteElo "2499"]
[BlackElo "2370"]
[PlyCount "107"]

1. c4 c6 2. d4 d5 3. Nc3 Nf6 4. Nf3 e6 5. Qd3 dxc4 6. Qxc4 a6
7. Bg5 h6 8. Bxf6 Qxf6 9. g3 Nd7 10. Bg2 Be7 11. O-O O-O
12. Qb3 e5 13. e3 exd4 14. exd4 Qd6 15. Rfe1 Nf6 16. Ne5 Rb8
17. d5 Bf5 18. Rad1 Qc7 19. dxc6 bxc6 20. Qc4 Be6 21. Qxc6 Qa7
22. Rd2 Rfd8 23. Rde2 Bd6 24. Nf3 Rb6 25. Qa4 Rdb8 26. Qd1 Bf8
27. Qa1 Rd6 28. b3 Rc8 29. Na4 Bd7 30. Ne5 Bb5 31. Re3 Rd2
32. Rc1 Rcc2 33. Rxc2 Rxc2 34. Qd1 Qc7 35. Nc4 Rxc4 36. bxc4
Qxc4 37. Nc3 Bc5 38. Rf3 Bc6 39. Qd8+ Bf8 40. Qd3 Qb4 41. Rf4
Qb7 42. Bxc6 Qxc6 43. Rc4 Qe6 44. Kg2 a5 45. h3 Qa6 46. Ne4
Qb7 47. Qf3 Nxe4 48. Qxe4 Qd7 49. Qa8 Kh7 50. Rc8 Bb4 51. Rh8+
Kg6 52. Qe4+ Kf6 53. Rb8 Qc7 54. Rb7 1-0